[Event "MEX ol U14"]
[White "Zavala Tello, Eduardo"]
[Black "Arreguin Hernandez, Alan Guillermo"]
[Site "Guanajuato"]
[Round "5"]
[Result "0-1"]
[Date "2002.07.16"]
[WhiteElo "1293"]
[BlackElo "1639"]
[PlyCount "41"]
[EventDate "2002.07.13"]
[EventType "swiss"]
[EventRounds "6"]
[EventCountry "MEX"]
[SourceTitle "EXT 2003"]
[Source "ChessBase"]
[SourceDate "2002.11.25"]
[SourceVersion "1"]
[SourceVersionDate "2002.11.25"]
[SourceQuality "1"]

1. e4 e5 2. Nf3 Nc6 3. Bb5 f5 4. Bxc6 dxc6 5. Nc3 fxe4 6. Nxe4 Nf6 7. Nxf6+ gxf6 8. Qe2 Bg4 9. h3 Bh5 10. d3 Qd5 11. c4 Qd7 12. Nxe5 Bxe2 13. Nxd7 Bxd3 14. Nxf6+ Kf7 15. Ng4 Re8+ 16. Be3 Bb4+ 17. Kd1 Bxc4 18. Kc2 h5 19. a3 Bd6 20. Nh2 Rhg8 21. g3 0-1